| 000 | 00614nam a2200205 i 4500 | ||
|---|---|---|---|
| 001 | 140841 | ||
| 003 | ES-MaACL | ||
| 005 | 20240516063056.0 | ||
| 007 | t| | ||
| 008 | 070917s1907 fr ||||1| fre d | ||
| 100 | 0 |
_aWells, H. G., _d1866-1946 _9116458 |
|
| 245 | 1 | 4 |
_aUne utopie moderne / _cH. G. Wells ; traduit par Henry D. Davray et B. Kozakiewicz. |
| 250 | _a4em. ed. | ||
| 260 |
_aParis : _bMercure de France, _c1907. |
||
| 300 |
_a428 p. ; _c19 cm. |
||
| 700 | 1 |
_aDavray, Henry D. _942995 |
|
| 700 | 1 |
_aKozakiewicz, B. _968689 |
|
| 852 |
_aES-MaACL _jF-11450 |
||
| 999 |
_c140841 _d140841 |
||